000
00238nam a2200109 a 4500
005
20140414132050.0
008
110330s19uu xx 00 eng d
050
_a
P
_b
KAS
245
_a
Kasalungat.
650
_a
Opposites
999
_c
114145
_d
114145